China's u- turn: towards forbidden city (Record no. 532614)

000 -LEADER
fixed length control field 00390nam a22001337a 4500
020 ## - INTERNATIONAL STANDARD BOOK NUMBER
International Standard Book Number 9788197413575
082 ## - DEWEY DECIMAL CLASSIFICATION NUMBER
Classification number A6x51 Sh14
100 ## - MAIN ENTRY--PERSONAL NAME
Personal name Shailendra Kumar
9 (RLIN) 59135
245 ## - TITLE STATEMENT
Title China's u- turn: towards forbidden city
Statement of responsibility, etc by Shailendra Kumar
260 ## - PUBLICATION, DISTRIBUTION, ETC. (IMPRINT)
Place of publication, distribution, etc Gurugram
Name of publisher, distributor, etc Oak Bridge
Date of publication, distribution, etc 2024
300 ## - PHYSICAL DESCRIPTION
Extent 243p.
650 ## - SUBJECT ADDED ENTRY--TOPICAL TERM
Topical term or geographic name as entry element History - China
9 (RLIN) 59136
650 ## - SUBJECT ADDED ENTRY--TOPICAL TERM
Topical term or geographic name as entry element China - Politics and government
9 (RLIN) 59137
Holdings
Withdrawn status Lost status Source of classification or shelving scheme Damaged status Koha normalized classification for sorting Not for loan Permanent location Current location Shelving location Date acquired Full call number Barcode Date last seen Price effective from Koha item type
        A_6X51_SH14   Indian Institute of Public Administration Indian Institute of Public Administration On Display 2026-02-19 A6x51 Sh14 Gr25694 2026-02-19 2026-02-19 GR

Powered by Koha